000 00628nam a2200253Ia 4500
003 OSt
005 20221006141857.0
006 a|||||r|||| 00| 0
007 ta
008 221006b |||||||| |||| 00| 0 eng d
020 _c
_10.95
024 _a4,545
037 _cTextual
040 _aEASL
_cEASL
_beng
041 _2eng
_aeng
082 _aY:6.41.N, L5
100 _aWAKEMAN Frederic
245 0 _aFall of Imperial China
260 _aNew York
_bFree Press
_c1975
300 _a276p.
_ccm.
490 _v CEL
942 _hY:6.41.N, L5
_cTEXL
_2CC
999 _c1072631
_d1072631